000 00405nam a2200145 4500
001 108483
003 ES-MaACL
007 t|
008 061121s1949 sp r ||||1| spa d
100 1 _aMoneva y Puyol, Juan.
_982179
245 1 0 _aComerciantes de altura /
_cJuan Moneva y Puyol.
260 _aZaragoza :
_bLibreria General,
_c1949.
300 _a245 p. ;
_c20 cm.
852 _aES-MaACL
_jE-720
_bR.26779
999 _c108483
_d108483